| 000 | 00765nam a2200229 a 4500 | ||
|---|---|---|---|
| 999 |
_c2413 _d2413 |
||
| 001 | 2413 | ||
| 003 | BD-JhCC | ||
| 005 | 20171102105340.0 | ||
| 008 | 171102s2008 bg a|||| ||a| 000 0 ben d | ||
| 020 | _a9847016900044 | ||
| 035 | _a(BD-JhCC)2413 | ||
| 040 |
_aBD-JhCC _dBD-JhCC |
||
| 041 | _aben | ||
| 082 |
_a891.4409 _bTOK 2008 |
||
| 100 | _aতকীয়ূল্লাহ, আ. জ. ম | ||
| 245 |
_aমুক্তির দিশারী মুহাম্মদ শহীদুল্লাহ্ / _cআ. জ. ম তকীয়ূল্লাহ্, |
||
| 260 |
_aঢাকা : _bঅ্যাডর্ণ পাবলিকেশন, _c2008 |
||
| 300 |
_a214 p. : _c22 cm. |
||
| 650 | _aBengali Literature | ||
| 942 |
_2ddc _cBK |
||